000 00628nam a22001937a 4500
003 OSt
005 20220908181518.0
008 220908b |||||||| |||| 00| 0 eng d
040 _cBiblioteca lado V
082 _a779.092
_bT612t
100 _aTischler, Jaime-David
245 _aThreads of Desire/
260 _aNew York
_bINTAR Latin American Gallery
_c1998
300 _a18p.
_c18x22cm
630 _aTesauro de Arte & Arquitectura
_lFOTOGRAFIA
630 _aTesauro de Arte & Arquitectura
_lCUERPO HUMANO
630 _aTesauro de Arte & Arquitectura
_lSEXUALIDAD
942 _2ddc
_c1
_h779.092 T612t
_n0
999 _c1959
_d1959